| 000 -ლიდერი |
| ფიქსირებული სიგრძის საკონტროლო ველი |
02052nam a2200337Ia 4500 |
| 001 - საკონტროლო ნომერი |
| საკონტროლო ველი |
22288 |
| 003 - საკონტროლო ნომრის იდენტიფიკატორი |
| საკონტროლო ველი |
GE_BSU |
| 005 - ბოლო ოპერაციის თარიღი და დრო |
| საკონტროლო ველი |
20230228111103.0 |
| 008 - ფიქსირებული სიგრძის მონაცემთა ელემენტები - ზოგადი ინფორმაცია |
| ფიქსირებული სიგრძის საკონტროლო ველი |
181216s||||||||xx |||||||||||||| ||und|| |
| 020 ## - წიგნის საერთაშორისო სტანდარტული ნომერი |
| International Standard Book Number |
978-9941-401-78-7 |
| 040 ## - კატალოგიზაციის წყარო |
| Transcribing agency |
GE_BSU |
| 041 ## - ენის კოდი |
| Language code of text/sound track or separate title |
geo |
| 080 ## - უნივერსალური ათობითი კლასიფიკაციის ინდექსი |
| Universal Decimal Classification number |
821.14'01-32 ე-56 |
| 100 ## - მთავარი ჩანაწერი - პიროვნების სახელი |
| Personal name |
ელიანე, კლავდიუს |
| 9 (RLIN) |
17072 |
| 245 ## - ცნობა სათაურის შესახებ |
| Title |
ნაირ-ნაირი ამბები / |
| Statement of responsibility, etc |
კლავდიუს ელიანე ; მთარგმნ. : ქეთევან აბესაძე და სხვ. ; რედ. ირინე გარაყანიძე ; წინათქმა ვალერი ასათიანი. |
| 264 ## - წარმოების, გამოცემის, დისტრიბუციის და სხვა ცნობები |
| გამოცემის, წარმოების, დისტრიბუციის... ადგილი |
[თბილისი] : |
| გამოცემის, წარმოების, დისტრიბუციის... სახელწოდება |
ლოგოსი, |
| გამოცემის, წარმოების, დისტრიბუციის... თარიღი |
2010. |
| 300 ## - ფიზიკური აღწერა |
| Extent |
267გვ. ; |
| Dimensions |
20 სმ. |
| 490 ## - სერიის ცნობა |
| Series statement |
პროგრამა "ლოგოსი" |
| 500 ## - ზოგადი შენიშვნა |
| General note |
პარალელური თავფურცელი ბერძნულ ენაზე |
| 500 ## - ზოგადი შენიშვნა |
| General note |
პუბლიკაციები და ღონისძიებები კლასიკური ფილოლოგიის, ბიზანტინისტიკისა და ნეოგრეცისტიკის სფეროში |
| 500 ## - ზოგადი შენიშვნა |
| General note |
საკუთარ სახელთა საძიებელი გვ. : 239-265 |
| 500 ## - ზოგადი შენიშვნა |
| General note |
კომენტარები გვ. : 193-238 |
| 504 ## - BIBLIOGRAPHY, ETC. NOTE |
| Bibliography, etc |
ბიბლიოგრ. გვ. : 266-267 |
| 653 ## - INDEX TERM--UNCONTROLLED |
| Uncontrolled term |
მოთხრობები |
| 653 ## - INDEX TERM--UNCONTROLLED |
| Uncontrolled term |
ნაირ-ნაირი ამბები |
| 700 ## - ADDED ENTRY--PERSONAL NAME |
| Personal name |
აბესაძე, ქეთევან |
| Relator term |
მთარგმნელი |
| 9 (RLIN) |
3446 |
| 700 ## - ADDED ENTRY--PERSONAL NAME |
| Personal name |
გარაყანიძე, ირინე |
| Relator term |
რედაქტორი |
| 9 (RLIN) |
5373 |
| 710 ## - ADDED ENTRY--CORPORATE NAME |
| Corporate name or jurisdiction name as entry element |
თსუ |
| Subordinate unit |
კლასიკური ფილოლოგიის, ბიზანტიკისა და ნეოგრეცისტიკის ინსტიტუტი |
| 9 (RLIN) |
3644 |
| 942 ## - ADDED ENTRY ELEMENTS (KOHA) |
| Koha item type |
წიგნი |
| Source of classification or shelving scheme |
|